000 00489nam a2200181Ia 4500
005 20240823055706.0
008 240823s9999||||xx |||||||||||||| ||und||
041 _aHINDI
082 _A354.729200892 Q7
100 _aMinistry of External Affairs
245 0 _aMinistry of External Affairs : Annual Report 2016-17 (Hindi)
250 _a1st
260 _c2017
_bMinistry of External of Af
500 _aYES
650 _aExternal of Affairs
_bGeneral
942 _cBK
999 _c229381
_d229381